MARC details
| 000 -CABECERA |
| campo de control de longitud fija |
02184nam a2200277 a 4500 |
| 001 - NÚMERO DE CONTROL |
| campo de control |
000000357 |
| 003 - IDENTIFICADOR DEL NÚMERO DE CONTROL |
| campo de control |
DO-SdBNP |
| 005 - FECHA Y HORA DE LA ÚLTIMA TRANSACCIÓN |
| campo de control |
20260220124733.0 |
| 007 - CAMPO FIJO DE DESCRIPCIÓN FÍSICA--INFORMACIÓN GENERAL |
| campo de control de longitud fija |
ta |
| 008 - DATOS DE LONGITUD FIJA--INFORMACIÓN GENERAL |
| campo de control de longitud fija |
081126s2003 dr ac 000 0 spa d |
| 040 ## - FUENTE DE LA CATALOGACIÓN |
| Centro catalogador/agencia de origen |
DO-SdBNP |
| Lengua de catalogación |
spa |
| Centro/agencia transcriptor |
BNPHU |
| 082 #4 - NÚMERO DE LA CLASIFICACIÓN DECIMAL DEWEY |
| Número de clasificación |
372.832 |
| Número de documento/Ítem |
R426ma, 2003 |
| Número de edición |
22 |
| 110 1# - ENTRADA PRINCIPAL--NOMBRE DE ENTIDAD CORPORATIVA |
| Nombre de entidad corporativa o nombre de jurisdicción como elemento de entrada |
República Dominicana. |
| Unidad subordinada |
Procuraduría General de la República. |
| -- |
Departamento de Prevención de la Corrupción Administrativa |
| 9 (RLIN) |
1204 |
| 245 00 - MENCIÓN DE TÍTULO |
| Título |
Manual de ética ciudadana : |
| Resto del título |
educación moral y cívica : libro de texto para 6º, 7º y 8º del nivel básico. |
| 260 ## - PUBLICACIÓN, DISTRIBUCIÓN, ETC. |
| Lugar de publicación, distribución, etc. |
Santo Domingo : |
| Nombre del editor, distribuidor, etc. |
Procuraduría General de la República, |
| Fecha de publicación, distribución, etc. |
2003. |
| 300 ## - DESCRIPCIÓN FÍSICA |
| Extensión |
184 p. : |
| Otras características físicas |
il., fots. ; |
| Dimensiones |
28 cm. |
| 505 0# - NOTA DE CONTENIDO CON FORMATO |
| Título |
Presentación -- |
| -- |
Orientaciones al/la profesor (a) -- |
| -- |
Primer Curso -- |
| -- |
La educación cívica -- |
| -- |
Nacimiento de la ética -- |
| -- |
Papel de la educación moral y cívica en la formación de ciudadanos (as) -- |
| -- |
Investigación sobre la ética y la moral -- |
| -- |
Conciencia ética y conciencia moral -- |
| -- |
Definiendo conciencia ética y conciencia moral -- |
| -- |
Conciencia ética, conciencia moral y desarrollo humano -- |
| -- |
Modelos en cadena -- |
| -- |
El desarrollo de la criticidad en el estudiante de media -- |
| -- |
El método socrático -- |
| -- |
La comunicación y la ética -- |
| -- |
Los sujetos y los valores -- |
| -- |
El líder -- |
| -- |
El respeto al medio social y ecológico ambiental -- |
| -- |
Lectura -- |
| -- |
Reflexionando -- |
| -- |
Valores que sustentan la estructura familiar -- |
| -- |
La familia -- |
| -- |
Causas de la desintegración familiar -- |
| -- |
La honestidad -- |
| -- |
Actividades -- |
| -- |
Derechos y deberes individuales y sociales -- |
| -- |
Consultando la Ley General de Salud No. 42-00 -- |
| -- |
Ley No. 14-94: comentando y reflexionando sobre las leyes consultadas -- |
| -- |
Actividad, 51. |
| 590 ## - NOTA LOCAL (RLIN) |
| Nota local |
Inventariado, 2018/MFF |
| 650 #7 - PUNTO DE ACCESO ADICIONAL DE MATERIA--TÉRMINO DE MATERIA |
| Término de materia o nombre geográfico como elemento de entrada |
Ética |
| Subdivisión general |
Enseñanza |
| 9 (RLIN) |
509 |
| Fuente del encabezamiento o término |
LIBRUNAM |
| 650 #0 - PUNTO DE ACCESO ADICIONAL DE MATERIA--TÉRMINO DE MATERIA |
| Término de materia o nombre geográfico como elemento de entrada |
Conducta de vida |
| 9 (RLIN) |
11947 |
| Fuente del encabezamiento o término |
LIBRUNAM |
| 650 #0 - PUNTO DE ACCESO ADICIONAL DE MATERIA--TÉRMINO DE MATERIA |
| Término de materia o nombre geográfico como elemento de entrada |
Educación cívica |
| Subdivisión general |
Libros de texto |
| 9 (RLIN) |
1206 |
| 650 #4 - PUNTO DE ACCESO ADICIONAL DE MATERIA--TÉRMINO DE MATERIA |
| Término de materia o nombre geográfico como elemento de entrada |
Educación cívica |
| Subdivisión general |
Enseñanza secundaria |
| 9 (RLIN) |
78694 |
| 710 1# - PUNTO DE ACCESO ADICIONAL--NOMBRE DE ENTIDAD CORPORATIVA |
| Nombre de entidad corporativa o nombre de jurisdicción como elemento de entrada |
República Dominicana. |
| Unidad subordinada |
Procuradoria General de la República |
| -- |
Departamento de Prevención de la Corrupción Administrativa |
| 9 (RLIN) |
78697 |
| 910 ## - DATOS DE OPCIÓN DEL USUARIO (OCLC) |
| Datos de opción del usuario |
Validado. Control de calidad EMS. |
| 942 ## - ELEMENTOS DE PUNTO DE ACCESO ADICIONAL (KOHA) |
| Fuente del sistema de clasificación o colocación |
Dewey Decimal Classification |
| Tipo de ítem Koha |
Libro |